Objective Chemistry For NEET 2024/ (Record no. 197739)

MARC details
000 -LEADER
fixed length control field 00729nam a22002297a 4500
005 - DATE AND TIME OF LATEST TRANSACTION
control field 20230912122028.0
010 ## - LCCN (DPL NO)
LC control number ENG-137949
020 ## - INTERNATIONAL STANDARD BOOK NUMBER
Terms of availability 795.00
International Standard Book Number 9789357054195
035 ## - SYSTEM CONTROL NUMBER
System control number EN-121481
037 ## - SOURCE OF ACQUISITION
Source of stock number/acquisition DBAD/PUB
082 ## - DEWEY DECIMAL CLASSIFICATION NUMBER
Classification number 540
Edition number Sixth
100 ## - MAIN ENTRY--PERSONAL NAME
Personal name Singhal, A.K
245 ## - TITLE STATEMENT
Title Objective Chemistry For NEET 2024/
Remainder of title By A.K Singhal and U.K Singhal
250 ## - EDITION STATEMENT
Edition statement Sixth
260 ## - PUBLICATION, DISTRIBUTION, ETC. (IMPRINT)
Place of publication, distribution, etc Noida
Name of publisher, distributor, etc Pearson India Education Services Pvt Ltd
Date of publication, distribution, etc 2023
270 ## - ADDRESS
Address Ist Floor, Berger Tower, Plot No C-001A/2 Sector 16B
City Noida
Postal code 201301
300 ## - PHYSICAL DESCRIPTION
Extent vpp.
Dimensions 28cm(pbk)
490 ## - SERIES STATEMENT
Volume number/sequential designation 2
500 ## - GENERAL NOTE
General note National Eligibility Cum Entrance Test
700 ## - ADDED ENTRY--PERSONAL NAME
Personal name U.K Singhal
Relator term Author
9 (RLIN) 55737
942 ## - ADDED ENTRY ELEMENTS (KOHA)
Source of classification or shelving scheme Dewey Decimal Classification
Item type English Books
Classification part 540
Call number suffix SIN
Holdings
Withdrawn status Lost status Not for loan Collection code Home library Current library Date acquired Source of acquisition Cost, normal purchase price Full call number Barcode Copy number Cost, replacement price Koha item type
      Non-fiction Central Jail Tihar Central Jail Tihar 31/08/2023 DBAD/PUB 795.00 SIN 540 EN-121481 1 795.00 English Books

© Delhi Public Library
Hit Counter
free hit counter